000
00251nam a2200109Ia 4500
008
230907s9999||||xx |||||||||||||| ||und||
082
_a
6.312
_b
KOT
100
_a
Kotu, Vijay.
_9
115864
245
0
_a
Data science :
300
_a
548 pages.
942
_c
BK
999
_c
600004
_d
600004